| 000 | 01174nam a22002894i 4500 | ||
|---|---|---|---|
| 001 | 991061300308506706 | ||
| 003 | ES-BaIT | ||
| 005 | 20260512110430.0 | ||
| 008 | 250313s2007 spc ||||r|||||0|| 0 cat|c | ||
| 080 | _a796.4 | ||
| 100 | 1 |
_aArlandes, Gerard _eautor _993447 |
|
| 245 | 1 | 3 |
_aLa gimnàstica tradicional xinesa / _cGerard Arlandes |
| 264 | 0 |
_aBarcelona : _c[2007] |
|
| 264 | 4 | _a©1990 | |
| 300 |
_a11 fulls ; _c30 cm |
||
| 336 |
_atext _btxt _2rdacontent |
||
| 337 |
_asense mediació _bn _2rdamedia |
||
| 338 |
_avolum _bnc _2rdacarrier |
||
| 340 | _aImprès d'ordinador relligat amb correccions a llapis | ||
| 500 | _aInclou petita biografia i currículum de l'autor | ||
| 500 | _aImprès amb correccions ortogràfiques per a una possible edició de l'Associació de Professionals de Dansa de Catalunya (APDC), amb segell de l'associació a la coberta i all primer full i que també té l'anagrama de Gerard Arlandes. El full 7 acaba amb les dades de copyright manuscrites: ©Arlandes-Karsch, 1990 | ||
| 650 | 7 |
_aGimnàstica _zXina _2lemac _9169488 |
|
| 700 | 1 |
_aKarsch, Sybille _eautor _996866 |
|
| 908 | _aCDMAE | ||
| 940 | _aCDMAE | ||
| 942 |
_2udc _c2 |
||
| 999 |
_c137444 _d137444 |
||